000 00406pab a2200169 454500
008 180718b2010 xxu||||| |||| 00| 0 eng d
100 _aSahoo, Sarat Kumar
245 _aDevelopment of cognitive skill related with everyday life
260 _c2010
300 _ap.20-21.
362 _a10 May
650 _aCognition
650 _aSkills
773 _aUniversity News
908 _aN
909 _a86717
999 _c86717
_d86717